Приказы Комитета членов Всероссийского учредительного собрания за июнь 1918 г.

Доступно только в Электронных читальных залах Найти на картеНа карте
RUSMARC
00004055nac2a22002891x 450
0010e70ee57-50cd-4a85-a7ee-d1b86bedd73e
00520131127231518.0
100##$a20130529l19181918k y0rusy50 ca
1010#$arus
102##$aRU
105##$ay z |||||
1222#$ad19180608
$ad19180625
1220#$ad191806
2001#$aПриказы Комитета членов Всероссийского учредительного собрания за июнь 1918 г.
$j8-25 июня 1918
215##$a16 листов
251##$cДело
300##$aЗаголовок дела на папке: Приказы меньшевистско-эсеровского Комитета членов Всероссийского учредительного собрания за июнь 1918 года
300##$aНапечатано типографским способом
325##$aЗамикрофильмировано
330##$aДополнительная опись к ф. 749 дел Комитета членов Учредительного Собрания; 1918 г.
461#0$10016acea900-bbdd-4462-aec8-f9864691bfac
$12001
$aКомитет членов всероссийского учредительного собрания (комуч). Самара
$1251
$cФонд
$1852
$j749
$gР
462#0$1001c17ba735-eddd-428f-bbec-0d9715696f5d
$12001
$aОпись дел Комитета членов Всероссийского Учредительного собрания. 1918 г.
$1251
$cОпись
$1852
$j1
517##$aПриказы меньшевистско-эсеровского Комитета членов Всероссийского учредительного собрания за июнь 1918 года
60102$3RU\NLR\AUTH\66826314
$aКомитет членов Всероссийского учредительного собрания
801#0$aRU
$bGA_RF
801#1$aRU
$bНПО Опыт
$c20130529
$2rusmarc
801#2$aRU
$bПБ им. Б.Н. Ельцина
$c20131127
$gRCR
$2rusmarc
852##$aГА РФ
$j15
937##$d42124742
$hПБ
035##$aRuPRLIB51000481
Формат отображения